000 00666nam a2200253Ia 4500
003 OSt
005 20220918163325.0
006 a|||||r|||| 00| 0
007 ta
008 220917b |||||||| |||| 00| 0 eng d
020 _a0 571 09180 6
024 _a18,984
037 _cTextual
040 _aARTS
_cARTS
_beng
041 _2eng
_aeng
082 _aO111,2NSA,l, Ll
100 _aSackler Howard
_912674
245 0 _aGreat white hope
_b A play
260 _aLondon
_bFaber & Faber UK
_c1971
300 _a133p.
_ccm.
650 _aENGLISH LITERATURE
942 _hO111,2NSA,l, Ll
_cTEXL
_2CC
999 _c119101
_d119101